000 003180000a22001330004500
041 0 _aSPA
082 0 4 _aG 861 N454s
100 1 _aNeruda, Pablo (1904-1973)
245 1 0 _aSelección de poemas 1925-1952 / Pablo Neruda
260 _aBogotá : Círculo de Lectores
300 _a392 Pág.
001 14213
942 _cBK
999 _c43111
_d43111